000 00453nam a2200181Ia 4500
001 2022
005 20260306143811.0
008 260306t2020||||xx |||||||||||||| ||spa||
041 _aESP
082 _a611
_bA117
100 _aAbrahams, Peter H.,
_eAUT
245 0 _aAbrahams y McMinn :
_batlas clínico de anatomía humana
260 _c2020
300 _axvi, 394 páginas :
_c28 cm.
650 _aGEN
654 _aCCS
942 _cLIB
_dJUS
_fJUS
_2ddc
_n
999 _c2022
_d2022